000 00407nam a22001697a 4500
005 20160616141659.0
008 160616b xxu||||| |||| 00| 0 eng d
020 _a81-7808-031-1
041 _aeng
082 _b8002
100 _aChristopher
_92125
245 _aLogistics and Supply Chain Mgt.
260 _aDelhi
_bpearson education
_c2005
300 _a287
650 _aManagement
_9241
942 _cBK
999 _c2971
_d2970